000 02285nam0a2200397 4500
001 RU\NLR\bibl\1509707
005 20250616023034.0
010 _a978-5-17-064910-5
_bАСТ
010 _a978-5-403-03211-7
_bАСТ Москва
_98000
021 _aRU
_b2010-25268
_91699
035 _a(nilc)IZD\AST\2007\981385
035 _a(NLR Aleph) 001501110
090 _a1795698
_c1795698
100 _a20100415d2010 |||y0rusy50 ca
101 1 _arus
_ceng
102 _aRU
105 _ay |||||||||
200 1 _aНе искушай меня
_eроман
_fСильвия Дэй
_g[пер. с англ. Я.Е. Царьковой]
210 _aМосква
_cАСТ
_cАСТ Москва
_d2010
215 _a316, [1] с.
_d17
225 1 _aМини шарм
300 _aНа об. тит. л. авт. и загл. ориг.: Don't tempt me / Sylvia Day
330 _aПрекрасная, как богиня, Линетт Байо впервые полюбила. Мужчина, покоривший ее сердце - ирландский красавец Сайме Куинн, - весьма заслуженно пользуется славой отчаянного авантюриста. И если Линетт отдастся этому опасному человеку, жизнь ее будет погублена. Мать из последних сил пытается удержать дочь от роковой ошибки! Но пригодятся ли ее советы отважной юной женщине, впервые познавшей муки и блаженство истинной страсти?..
454 0 _12001#$aDon't tempt me$fSylvia Day
_1700#1$aDay$bS.$gSylvia
_tDon't tempt me
_aDay, Sylvia
686 _a84(7Сое)
_vLBC/PL
_2rubbk
686 _a0661
_aЗарубежная сентиментальная литература
_2TCC-BG
700 1 _4070
_7ca
_8rus
_aДэй
_bС.
_f1973-
_gСильвия
_92648064
_3RU\NLR\AUTH\770276097
801 0 _aRU
_bЛИБНЕТ
_c20100415
_gRCR
801 1 _aRU
_bЛИБНЕТ
_c20100415
801 2 _aRU
_bЦУНБ Москва
_c20100505
_gRCR
801 2 _aRU
_bNLR
_c20100512
_grcr
830 _aCODE_OF_LIBNET\000044670
942 _cBOOK
980 _aNB